000 00289nam a2200133Ia 4500
100 _aBenovitchevalier
942 _cBK
654 _acompetitive
245 _aCompetitive strategy:Options and games
260 _bprentice hall
_c2011
300 _a488
546 _aENGLISH
999 _c34248
_d34248